000 01067nam a2200229 a 4500
001 000236046
003 AM-YeHGA
005 20250618071606.0
008 030617s1948 ai a||||||||||||||0|arm|d
040 _aAM-YeHGA
041 0 _aarm
100 1 _aՔոչարյան, Արմենակ Եզեկի,
_d1913-1986
_91304
245 1 0 _aՂափանի պղնձի հանքավայրի Կոմսոմոլի հանքը /
_cԱ.Ե. Քոչարյան ; ՀՍՍՌ ԳԱ, Գեոլոգ. գիտ. ին-տ.
260 _aԵրևան :
_bՀՍՍՌ ԳԱ հրատ.,
_c1948.
300 _a127 էջ :
_bնկ., աղս., քարտեզ ;
_c22 սմ.
650 1 0 _aԵրկրաբանություն
_xՀանքարդյունաբերություն
_vՊղնձի հանքավայր
_zՂափան
710 2 _aԳիտությունների ակադեմիա ՀՍՍՌ
710 2 _aԳեոլոգիական գիտությունների ինստիտուտ ՀՍՍՌ ԳԱ
856 4 1 _uhttps://arar.sci.am/dlibra/publication/399467/edition/369658/content
_yԿարդալ առցանց
942 _2udc
_cBK
090 _c84726
999 _c83451
_d83451